Football : buteurs en quarts de ligue des champions 2026 - Statistiques

Statistiques générales
  • Ce quiz a été pris 107 fois
  • Le résultat moyen est 18 sur 20
Statistiques - réponses
Match Pays Joueur % Correct
Real vs Bayern France Kylian Mbappé
100%
Bayern vs Real France Kylian Mbappé
100%
PSG vs Liverpool France Désiré Doué
98%
Real vs Bayern Angleterre Harry Kane
98%
Bayern vs Real Angleterre Harry Kane
98%
Real vs Bayern Colombie Luis Diaz
98%
Bayern vs Real Colombie Luis Diaz
98%
Liverpool vs PSG France Ousmane Dembélé
98%
Liverpool vs PSG France Ousmane Dembélé
98%
Bayern vs Real France Michael Olise
97%
PSG vs Liverpool Géorgie Khvicha Kvaratskhelia
96%
Bayern vs Real Turquie Arda Guler
95%
Bayern vs Real Turquie Arda Guler
95%
Atletico vs Barça Espagne Lamine Yamal
92%
Atletico vs Barça Nigeria Ademola Lookman
91%
Barça vs Atletico Argentine Julian Alvarez
91%
Sporting vs Arsenal Allemagne Kai Havertz
89%
Barça vs Atletico Norvège Alexander Sorloth
86%
Atletico vs Barça Espagne Ferran Torres
72%
Bayern vs Real Allemagne Aleksandar Pavlovic
56%
Aucun quiz correspondant
Distribution des résultats
% des personnes avec chaque résultat
Percentile par nombre de réponses
Votre historique - résultats
Vous n’avez pas pris ce quiz